Normal view
MARC view
- Comunidad y escuela
Entry Materia
001 - NÚMERO DE CONTROL DEL REGISTRO
- campo de control: 9267
003 - IDENTIFICADOR DE NUMERO DE CONTROL
- campo de control: MX-MxUPN
005 - FECHA Y HORA DE LA ÚLTIMA TRANSACCIÓN
- campo de control: 20240826204327.0
008 - DATOS DE LONGITUD FIJA
- campo de control de longitud fija: 240826da fnnnnbabd b ana |d
035 ## - NÚMERO DE CONTROL DEL SISTEMA
- Número de control del sistema: UPN10000009273
040 ## - FUENTE DE LA CATALOGACIÓN
- Centro catalogador de origen: MX-MxUPN
- Lengua de catalogación: spa
150 ## - ENCABEZAMIENTO - TEMÁTICO
- Término de materia o nombre geográfico como elemento inicial: Comunidad y escuela
- Subdivisión geográfica: Distrito Federal (México)
450 ## - VÉASE - MATERIA
- Encabezamiento temático: Comunidad y escuela
- Subdivisión geográfica: México (D.F.)
- Subcampo de control: nno
670 ## - FUENTE EN LA QUE SE LOCALIZARON DATOS
- Cita de la fuente: Library of Congress Subject Headings, 2022 :
- Información localizada: página C-601 (Community and school (May subd. geog.))
670 ## - FUENTE EN LA QUE SE LOCALIZARON DATOS
- Cita de la fuente: T
- Información localizada: Diccionario Porrúa de historia, biografía y geografía de México
670 ## - FUENTE EN LA QUE SE LOCALIZARON DATOS
- Cita de la fuente: Autoridades BGTQ, 26 agosto 2024 :
- Información localizada: (Distrito Federal (México))
902 ## - CATALOGADOR
- Catalogador: MEEG/120602
- Catalogador: VíctorGodínez/260824
